Paint like Degas : (Record no. 19655)

MARC details
000 -LEADER
fixed length control field 00986cam a22003135i 4500
001 - CONTROL NUMBER
control field 016775365
003 - CONTROL NUMBER IDENTIFIER
control field EG-ScBUE
005 - DATE AND TIME OF LATEST TRANSACTION
control field 20230112111257.0
008 - FIXED-LENGTH DATA ELEMENTS--GENERAL INFORMATION
fixed length control field 140515t2014 enkc f d 001 0deng d
020 ## - INTERNATIONAL STANDARD BOOK NUMBER
International Standard Book Number 9781781579787
040 ## - CATALOGING SOURCE
Original cataloging agency StDuBDS
Language of cataloging eng
Description conventions rda
Transcribing agency StDuBDS
Modifying agency EG-ScBUE
-- EG-ScBUE
082 04 - DEWEY DECIMAL CLASSIFICATION NUMBER
Classification number 751.4
Edition number 22
Item number CAL
100 1# - MAIN ENTRY--PERSONAL NAME
Personal name Callan, Damian,
Relator term author.
9 (RLIN) 38355
245 10 - TITLE STATEMENT
Title Paint like Degas :
Remainder of title unlock the secrets of the master of movement and colour /
Statement of responsibility, etc Damian Callan.
264 #1 - PUBLICATION, DISTRIBUTION, ETC. (IMPRINT)
Place of publication, distribution, etc Lewes :
Name of publisher, distributor, etc Ilex Press,
Date of publication, distribution, etc [2014]
264 #4 - PUBLICATION, DISTRIBUTION, ETC. (IMPRINT)
Date of publication, distribution, etc c2014
300 ## - PHYSICAL DESCRIPTION
Extent 128 pages :
Other physical details Portraits ;
Dimensions 25 cm
336 ## - CONTENT TYPE
Source rdacontent
Content type term text
Content type code txt
337 ## - MEDIA TYPE
Source rdamedia
Media type term unmediated
Media type code n
338 ## - CARRIER TYPE
Source rdacarrier
Carrier type term volume
Carrier type code nc
500 ## - GENERAL NOTE
General note Includes glossary.<br/>
500 ## - GENERAL NOTE
General note Includes index.<br/>
600 17 - SUBJECT ADDED ENTRY--PERSONAL NAME
Personal name Degas, Edgar,
Dates associated with a name 1834-1917.
Source of heading or term BUEsh
650 #7 - SUBJECT ADDED ENTRY--TOPICAL TERM
Topical term or geographic name as entry element Painting
General subdivision Technique.
Source of heading or term BUEsh
9 (RLIN) 37955
651 ## - SUBJECT ADDED ENTRY--GEOGRAPHIC NAME
Source of heading or term BUEsh
653 ## - INDEX TERM--UNCONTROLLED
Resource For college Communication and mass media
Arrived date list June2015
-- January2017
655 ## - INDEX TERM--GENRE/FORM
Form subdivision Reading book
942 ## - ADDED ENTRY ELEMENTS (KOHA)
Source of classification or shelving scheme Dewey Decimal Classification
Koha item type Book - Borrowing
Holdings
Withdrawn status Lost status Source of classification or shelving scheme Damaged status Not for loan Collection code Home library Current library Shelving location Date acquired Source of acquisition Cost, normal purchase price Serial Enumeration / chronology Total Checkouts Full call number Barcode Date last seen Cost, replacement price Koha item type Price effective from
    Dewey Decimal Classification     Alahram Central Library Central Library Second Floor 15/06/2015 Purchase 172.00 304   751.4 CAL 000038740 15/07/2025 215.00 Book - Borrowing  
    Dewey Decimal Classification     Academic Bookshop Central Library Central Library Second Floor 12/01/2017 Purchase 165.00 2000091   751.4 CAL 000040842 15/07/2025 195.00 NB - Book (Non borrowing) 12/01/2017